00241nam a22000857a 4500003000400000082001200004100002000016245011000036260000900146SGT a370,KOM aKomal-201001001 aA Study of Personality in Relation to the Logical Thinking of Senior Secondary School Students of Haryana c2020